| 000 | 01518nam a2200301Ia 4500 | ||
|---|---|---|---|
| 999 |
_c51508 _d51508 |
||
| 001 | 18497 | ||
| 003 | GE_BSU | ||
| 005 | 20221129125922.0 | ||
| 008 | 181216s2003||||ge |||||||||||||| ||geo|| | ||
| 020 | _a9994073885x | ||
| 040 | _cGE_BSU | ||
| 041 | _ageo | ||
| 080 | _a159.9.07+616.89 კ-49 | ||
| 100 |
_aკიონიგი, კარლ _916204 |
||
| 245 |
_aსამკურნალო პედაგოგიური დიაგნოსტიკა : _bექვსი ლექცია წაკითხული 1965 წ. 12-18 მაისს სამკ. პედ. თერაპევტიკუმში, ბერლინი-ცელენდორფი / _cკარლ კიონიგი; [მთარგმნ.: მარინა ბულია]. |
||
| 264 |
_aთბილისი : _bაწმყო, _c2003. |
||
| 300 |
_a89 გვ. ; _b20 სმ. |
||
| 500 | _aგარეკანზე მარკ შაგალი.მარტოობა. | ||
| 541 | _h4ლ | ||
| 653 | _aმედიცინა | ||
| 653 | _aფსიქოლოგია | ||
| 653 | _aფსიქოლოგიური დიაგნოსტიკა | ||
| 653 | _aსაბავშვო ფსიქიატრია | ||
| 653 | _aმოტორული დარღვევები; | ||
| 653 | _aსენსორული დარღვევები | ||
| 700 |
_aბულია, მარინა _eმთარგმნელი _96513 |
||
| 942 |
_cBK _2udc |
||